Types of Elementary Particles - Statistics

General Stats
  • This quiz has been taken 514 times
    458 since last reset
  • The average score is 11 of 16
Answer Stats
Hint Answer % Correct
Quark Down
93%
Quark Up
93%
Quark Strange
87%
Quark Charm
83%
Quark Bottom
80%
Lepton Electron
80%
Neutrino Electron Neutrino
80%
Quark Top
80%
Lepton Muon
61%
Neutrino Muon Neutrino
61%
Gauge Boson Photon
60%
Gauge Boson W Boson
60%
Lepton Tau
58%
Neutrino Tau Neutrino
58%
Gauge Boson Z Boson
57%
Gauge Boson Gluon
52%
No matching quizzes found
Score Distribution
Percent of People with Each Score
Percentile by Number Answered
Your Score History
You have not taken this quiz since the last reset